Историк и математика (Запись № 30420)
[ простой вид ]
| 000 -МАРКЕР | |
|---|---|
| контрольное поле | 00855nam a22002291i 4500 |
| 001 - КОНТРОЛЬНЫЙ НОМЕР ЗАПИСИ | |
| контрольное поле | 000030420 |
| 003 - ПРИНАДЛЕЖНОСТЬ КОНТРОЛЬНОГО НОМЕРА | |
| контрольное поле | RuMoIPM |
| 005 - ДАТА И ВРЕМЯ ПОСЛЕДНЕЙ ТРАНЗАКЦИИ | |
| контрольное поле | 20260427112742.0 |
| 008 - ЭЛЕМЕНТЫ ДАННЫХ ФИКСИРОВАННОЙ ДЛИНЫ | |
| контрольное поле | 120628s1975----ru | c rus |
| 040 ## - ОРГАНИЗАЦИЯ-СОЗДАТЕЛЬ ЗАПИСИ | |
| организация-создатель исходной библиографической записи | RuMoIPM |
| язык каталогизации | rus |
| правила каталогизации | rcr |
| 041 0# - КОД ЯЗЫКА | |
| код языка текста | Русский |
| 080 ## - ИНДЕКС УНИВЕРСАЛЬНОЙ ДЕСЯТИЧНОЙ КЛАССИФИКАЦИИ | |
| индекс Универсальной десятичной классификации | 51:9 |
| 080 ## - ИНДЕКС УНИВЕРСАЛЬНОЙ ДЕСЯТИЧНОЙ КЛАССИФИКАЦИИ | |
| индекс Универсальной десятичной классификации | 51-7 |
| 100 1# - ИМЯ ЛИЦА КАК ОСНОВНОЙ ПОИСКОВЫЙ ПРИЗНАК | |
| имя лица | Миронов, Борис Николаевич |
| 245 1# - ОБЛАСТЬ ЗАГЛАВИЯ И СВЕДЕНИЙ ОБ ОТВЕТСТВЕННОСТИ | |
| заглавие | Историк и математика |
| сведения, относящиеся к заглавию, и т. д | (Математические методы в историческом исследовании) |
| сведения об ответственности и т. д | Б. Н. Миронов, З. В. Степанов ; АН СССР |
| 260 ## - ОБЛАСТЬ ВЫХОДНЫХ ДАННЫХ | |
| место публикации, распространения, изготовления и т. д | Ленинград |
| издательство, издатель, распространитель и т. д | Наука |
| дата издания, распространения и т. д | 1975 |
| 300 ## - ОБЛАСТЬ КОЛИЧЕСТВЕННОЙ ХАРАКТЕРИСТИКИ | |
| объём | 184 с. |
| 490 0# - ОБЛАСТЬ СЕРИИ | |
| область серии | Современные тенденции развития науки |
| 504 ## - ПРИМЕЧАНИЕ О НАЛИЧИИ БИБЛИОГРАФИЧЕСКИХ ПЕРЕЧНЕЙ И ССЫЛОК | |
| текст примечания | Библиогр.: с. 180-182 |
| 700 1# - ИМЯ ЛИЦА КАК ДОБАВОЧНЫЙ ПОИСКОВЫЙ ПРИЗНАК | |
| имя лица | Степанов, Захарий Васильевич |
| 942 ## - ДАННЫЕ О ЗАПИСИ (KOHA) | |
| Тип экземпляра (KOHA) | Книга |
| Статус выдачи | Библиотека держатель | Текущая библиотека | Местонахождение | Шифр хранения | Тип экземпляра |
|---|---|---|---|---|---|
| Институт прикладной математики им. М.В. Келдыша | Институт прикладной математики им. М.В. Келдыша | Миусская | 51 / М 64 | Книга |